[Event "Bihac-chT1"]
[Site "Bihac"]
[Date "2014.08.26"]
[Round "5"]
[White "Kekic, Armin"]
[Black "Marjanovic, Dejan"]
[Result "1/2-1/2"]
[WhiteElo "2238"]
[BlackElo "2373"]
[PlyCount "89"]
[EventDate "2014.08.23"]
[EventType "swiss"]
[EventRounds "9"]
[EventCountry "BIH"]
[SourceTitle "OM OTB B 201907"]
[Source "Opening Master"]
[SourceDate "2019.07.06"]
[SourceVersion "2"]
[SourceVersionDate "2019.07.06"]
[SourceQuality "1"]

1. e4 c5 2. Nf3 d6 3. d4 cxd4 4. Nxd4 Nf6 5. Nc3 Nc6 6. Be2 e5 7. Nb3 Be7 8.
O-O Be6 9. Be3 O-O 10. f3 a5 11. Nd5 Bxd5 12. exd5 Nb4 13. c4 Nd7 14. Qd2 b6
15. Nc1 h6 16. a3 Na6 17. b4 Bg5 18. Nd3 Bxe3+ 19. Qxe3 f5 20. Bd1 Nf6 21. Ba4
g5 22. Bc6 Rb8 23. Rfb1 e4 24. fxe4 Nxe4 25. Nf2 Nxf2 26. Kxf2 Rf7 27. Ra2 Qf6
28. Re2 axb4 29. axb4 Nc7 30. Rb3 f4 31. Qc3 Qg6 32. Qd3 Qf6 33. Qc3 Qg6 34.
Qd3 Qh5 35. Qh3 Qxh3 36. Rxh3 Kg7 37. Ra3 g4 38. h3 h5 39. hxg4 hxg4 40. g3 Kg6
41. c5 bxc5 42. bxc5 Rd8 43. cxd6 Rxd6 44. gxf4 Rxf4+ 45. Kg3 1/2-1/2

[Event "Santa Cruz de Tenerife Verano op"]
[Site "Santa Cruz de Tenerife"]
[Date "2014.08.25"]
[Round "1"]
[White "Morales Motas, Adrian"]
[Black "Meneses Gonzalez, Kevin Moises"]
[Result "0-1"]
[WhiteElo "1533"]
[BlackElo "2295"]
[PlyCount "80"]
[EventDate "2014.08.25"]
[EventType "swiss"]
[EventRounds "9"]
[EventCountry "ESP"]
[SourceTitle "OM OTB B 201907"]
[Source "Opening Master"]
[SourceDate "2019.07.06"]
[SourceVersion "2"]
[SourceVersionDate "2019.07.06"]
[SourceQuality "1"]

1. e4 c5 2. Nf3 d6 3. d4 cxd4 4. Nxd4 Nf6 5. Nc3 Nc6 6. Be2 e5 7. Nf3 h6 8. h3
Be7 9. Be3 Be6 10. a3 d5 11. exd5 Nxd5 12. Nxd5 Bxd5 13. c4 Be6 14. Qxd8+ Rxd8
15. b4 e4 16. Nd2 f5 17. Bh5+ Bf7 18. Bxf7+ Kxf7 19. f3 Bf6 20. Ra2 exf3 21.
Nxf3 Rhe8 22. Kf2 Re4 23. Nd2 Bh4+ 24. Kf3 Nd4+ 25. Bxd4 Rexd4 26. Rd1 Re8 27.
Raa1 Rd3+ 28. Kf4 Bg3+ 29. Kxf5 g6+ 30. Kg4 h5+ 31. Kg5 Re5+ 32. Kh6 Rxd2 33.
Rxd2 Bf4+ 34. Kh7 Bxd2 35. Rd1 Bg5 36. Rd6 Bf6 37. g4 hxg4 38. hxg4 Re1 39.
Rd7+ Be7 40. Rxe7+ Rxe7 0-1

[Event "Zupanja op"]
[Site "Zupanja"]
[Date "2014.08.24"]
[Round "8"]
[White "Rogic, Davor"]
[Black "Stojanovic, Dalibor"]
[Result "1-0"]
[WhiteElo "2555"]
[BlackElo "2503"]
[PlyCount "113"]
[EventDate "2014.08.24"]
[EventType "swiss"]
[EventRounds "9"]
[EventCountry "CRO"]
[SourceTitle "OM OTB B 201907"]
[Source "Opening Master"]
[SourceDate "2019.07.06"]
[SourceVersion "2"]
[SourceVersionDate "2019.07.06"]
[SourceQuality "1"]

1. e4 c5 2. Nf3 Nc6 3. d4 cxd4 4. Nxd4 Nf6 5. Nc3 d6 6. Be2 e5 7. Nf3 h6 8. O-O
Be7 9. b3 O-O 10. a4 Bg4 11. Be3 Rc8 12. Rc1 Nb4 13. Qd2 a6 14. Bc4 b5 15. axb5
axb5 16. Bxb5 d5 17. Nxe5 Qc7 18. Bd4 Bd6 19. Nxg4 Nxg4 20. h3 Bh2+ 21. Kh1 Bf4
22. Qe2 Bxc1 23. Qxg4 f5 24. exf5 Bg5 25. Rd1 Qe7 26. Qf3 Qd6 27. Bd3 Nxd3 28.
Qxd3 Qd7 29. Be5 Qxf5 30. Qxf5 Rxf5 31. Bd4 Kh7 32. Kg1 Rf7 33. g3 Rf3 34. Nxd5
Rxc2 35. h4 Bd8 36. b4 Rb3 37. Bc5 Bf6 38. Nxf6+ gxf6 39. h5 Re2 40. Rd7+ Kg8
41. Kg2 Re5 42. g4 f5 43. Rd8+ Kf7 44. Rf8+ Ke6 45. g5 hxg5 46. h6 Re4 47. h7
Rg4+ 48. Kf1 Rb1+ 49. Ke2 Rh1 50. h8=Q Rxh8 51. Rxh8 Rc4 52. Re8+ Kf6 53. Kd3
Rc1 54. Bd4+ Kg6 55. b5 Rb1 56. b6 Kh5 57. Re2 1-0

[Event "Zupanja op"]
[Site "Zupanja"]
[Date "2014.08.24"]
[Round "6"]
[White "Simic, Aleksandar"]
[Black "Stojanovic, Dalibor"]
[Result "0-1"]
[WhiteElo "2283"]
[BlackElo "2503"]
[PlyCount "76"]
[EventDate "2014.08.24"]
[EventType "swiss"]
[EventRounds "9"]
[EventCountry "CRO"]
[SourceTitle "OM OTB B 201907"]
[Source "Opening Master"]
[SourceDate "2019.07.06"]
[SourceVersion "2"]
[SourceVersionDate "2019.07.06"]
[SourceQuality "1"]

1. e4 c5 2. Nf3 Nc6 3. d4 cxd4 4. Nxd4 Nf6 5. Nc3 d6 6. Be2 e5 7. Nb3 Be7 8.
O-O O-O 9. f4 a5 10. fxe5 Nxe5 11. Nd5 Nxd5 12. exd5 a4 13. Nd4 Qa5 14. c4 Bd7
15. Bf4 Bf6 16. Kh1 Qb6 17. Nb5 Bxb5 18. cxb5 Ng6 19. Rb1 a3 20. b3 Nxf4 21.
Rxf4 Be5 22. Rf3 g6 23. Bc4 Rae8 24. Qd3 f5 25. Rbf1 Qd8 26. Rh3 Bg7 27. Re3
Rxe3 28. Qxe3 Re8 29. Qf2 Re4 30. g3 Bd4 31. Qf3 Qe7 32. Qd1 Qe5 33. Kg2 h5 34.
Qc2 h4 35. Rf3 Re1 36. gxh4 Rg1+ 37. Kh3 g5 38. Qxf5 Qxf5+ 0-1

[Event "Ricany op-A"]
[Site "Ricany"]
[Date "2014.08.24"]
[Round "3"]
[White "Berg, Antonin"]
[Black "Havelka, Josef"]
[Result "0-1"]
[WhiteElo "1853"]
[BlackElo "2019"]
[PlyCount "92"]
[EventDate "2014.08.23"]
[EventType "swiss"]
[EventRounds "9"]
[EventCountry "CZE"]
[SourceTitle "OM OTB B 201907"]
[Source "Opening Master"]
[SourceDate "2019.07.06"]
[SourceVersion "2"]
[SourceVersionDate "2019.07.06"]
[SourceQuality "1"]

1. e4 c5 2. Nf3 d6 3. d4 cxd4 4. Nxd4 Nf6 5. Nc3 Nc6 6. Be2 e5 7. Nb3 Be7 8.
O-O Be6 9. Be3 O-O 10. Qd2 a6 11. a4 Rc8 12. f3 d5 13. exd5 Nxd5 14. Nxd5 Qxd5
15. Qxd5 Bxd5 16. c4 Be6 17. Nc5 Bf5 18. Ne4 Nb4 19. Rac1 Rfd8 20. Rfd1 h6 21.
Bb6 Rxd1+ 22. Rxd1 Rc6 23. a5 Kf8 24. Rc1 Be6 25. c5 f5 26. Nf2 Nd5 27. Nd3
Nxb6 28. axb6 e4 29. fxe4 fxe4 30. Nf4 Bb3 31. Rc3 Bxc5+ 32. Kh1 Bd6 33. Rxc6
bxc6 34. Nh5 a5 35. Ng3 Bd5 36. Nf5 Bc5 37. b7 Ba7 38. Nd6 Bb8 39. Nc8 Ke8 40.
Nb6 Kd8 41. Bc4 Bxc4 42. Nxc4 Kc7 43. Nxa5 Kb6 44. b4 c5 45. Nc4+ Kb5 46. Nd2
e3 0-1

[Event "Berlin Lichtenberger op 13th"]
[Site "Berlin"]
[Date "2014.08.23"]
[Round "8"]
[White "Aizpurua Zufiria, Inaki"]
[Black "Karge, Ole Jannes"]
[Result "1-0"]
[WhiteElo "1545"]
[BlackElo "1494"]
[PlyCount "55"]
[EventDate "2014.08.16"]
[EventType "swiss"]
[EventRounds "9"]
[EventCountry "GER"]
[SourceTitle "OM OTB B 201907"]
[Source "Opening Master"]
[SourceDate "2019.07.06"]
[SourceVersion "2"]
[SourceVersionDate "2019.07.06"]
[SourceQuality "1"]

1. e4 c5 2. Nf3 d6 3. d4 cxd4 4. Nxd4 Nc6 5. Be2 Nf6 6. Nc3 e5 7. Nb3 Be6 8.
O-O Be7 9. Kh1 O-O 10. f4 Qc7 11. Nd5 Qd8 12. Nxf6+ Bxf6 13. f5 Bxb3 14. axb3
Qc7 15. c3 g6 16. Bh6 Rfd8 17. fxg6 Qe7 18. gxf7+ Kh8 19. Bh5 Bg7 20. Bxg7+
Kxg7 21. Qg4+ Kh8 22. Rf3 Qf8 23. Rg3 Qh6 24. Rf1 a5 25. Rh3 Qg7 26. Qf5 Ne7
27. Qe6 Qf8 28. Qf6+ 1-0

[Event "Topusko op 3rd"]
[Site "Topusko"]
[Date "2014.08.15"]
[Round "9"]
[White "Cica, Dragan"]
[Black "Yao, Stefano"]
[Result "1/2-1/2"]
[WhiteElo "2160"]
[BlackElo "2185"]
[PlyCount "94"]
[EventDate "2014.08.08"]
[EventType "swiss"]
[EventRounds "9"]
[EventCountry "CRO"]
[SourceTitle "OM OTB B 201907"]
[Source "Opening Master"]
[SourceDate "2019.07.06"]
[SourceVersion "2"]
[SourceVersionDate "2019.07.06"]
[SourceQuality "1"]

1. e4 c5 2. Nf3 d6 3. d4 cxd4 4. Nxd4 Nf6 5. Nc3 Nc6 6. Be2 e5 7. Nb3 Be7 8.
O-O O-O 9. Be3 a5 10. a4 Nb4 11. f4 exf4 12. Rxf4 Be6 13. Nd4 Rc8 14. Nf5 d5
15. Nxe7+ Qxe7 16. Bd4 Nxe4 17. Nxe4 dxe4 18. c3 Nc6 19. Rxe4 Rfd8 20. Qe1 Nxd4
21. cxd4 Qf6 22. Rd1 b6 23. Ba6 Rc2 24. Rd2 Rxd2 25. Qxd2 g6 26. Qe3 Qf5 27. h3
Qd5 28. Rh4 h5 29. Bd3 Kg7 30. Rf4 Re8 31. Re4 Rd8 32. Rf4 Re8 33. Be4 Qc4 34.
d5 Bd7 35. Qxb6 f5 36. Qd6 Qxa4 37. Bd3 Qd1+ 38. Rf1 Qxd3 39. Qxd7+ Kf8 40.
Qd6+ Kf7 41. Qc7+ Re7 42. Qxa5 Rd7 43. b4 Rxd5 44. Qc7+ Rd7 45. Qc5 Rd5 46.
Qc7+ Rd7 47. Qc5 Rd5 1/2-1/2

[Event "Tromso ol (Women) 41st"]
[Site "Tromso"]
[Date "2014.08.14"]
[Round "11.3"]
[White "Vasiliev, Olga"]
[Black "Gara, Ticia"]
[Result "1/2-1/2"]
[WhiteElo "2276"]
[BlackElo "2321"]
[PlyCount "111"]
[EventDate "2014.08.02"]
[EventType "team-swiss"]
[EventRounds "11"]
[EventCountry "NOR"]
[SourceTitle "OM OTB B 201907"]
[Source "Opening Master"]
[SourceDate "2019.07.06"]
[SourceVersion "2"]
[SourceVersionDate "2019.07.06"]
[SourceQuality "1"]

1. e4 c5 2. Nf3 d6 3. d4 cxd4 4. Nxd4 Nf6 5. Nc3 Nc6 6. Be2 e5 7. Nf3 h6 8. O-O
Be7 9. h3 O-O 10. Re1 Be6 11. Bf1 Nb8 12. b3 Nbd7 13. a4 a6 14. Bb2 Qc7 15. Nd2
Qc6 16. Bc4 Nb6 17. Bxe6 fxe6 18. a5 Nbd7 19. Nc4 b5 20. axb6 Nxb6 21. Nxb6
Qxb6 22. Qe2 Nd7 23. Na4 Qc6 24. Ba3 Nb6 25. Nb2 a5 26. Nd3 Nd7 27. Bb2 Bd8 28.
Kh1 Bb6 29. Qg4 Rae8 30. Re2 Nc5 31. Nxc5 Qxc5 32. f3 Rf6 33. Rd2 Rd8 34. Rad1
Kh7 35. Qg3 Rff8 36. h4 Rf4 37. h5 Kh8 38. Rd3 Rff8 39. Bc3 Qc6 40. Qh3 Rfe8
41. Qg4 Bd4 42. Bxa5 Ra8 43. c3 Rxa5 44. cxd4 exd4 45. Rxd4 Rg5 46. Qh3 Qb5 47.
g4 Qxb3 48. Rxd6 Rc5 49. R6d3 Rc3 50. Qf1 Ra8 51. Rxc3 Qxc3 52. Qd3 Qb2 53. Qd2
Qb3 54. Qd3 Qb2 55. Qd2 Qb3 56. Qd3 1/2-1/2

[Event "GER-chA Seniors 26th"]
[Site "Bad Neuenahr"]
[Date "2014.08.12"]
[Round "8"]
[White "Gruzmann, Boris"]
[Black "Rotstein, Jefim"]
[Result "0-1"]
[WhiteElo "2192"]
[BlackElo "2255"]
[PlyCount "104"]
[EventDate "2014.08.05"]
[EventType "swiss"]
[EventRounds "9"]
[EventCountry "GER"]
[SourceTitle "OM OTB B 201907"]
[Source "Opening Master"]
[SourceDate "2019.07.06"]
[SourceVersion "2"]
[SourceVersionDate "2019.07.06"]
[SourceQuality "1"]

1. e4 c5 2. Nf3 Nc6 3. d4 cxd4 4. Nxd4 Nf6 5. Nc3 d6 6. Be2 e5 7. Nb3 Be7 8.
O-O a5 9. Be3 O-O 10. Qd2 a4 11. Nc1 a3 12. b3 Be6 13. Rd1 Qa5 14. f3 Nd4 15.
Bxd4 exd4 16. Nb5 d5 17. Qxa5 Rxa5 18. e5 Nd7 19. Nxd4 Nxe5 20. Nd3 Nxd3 21.
Rxd3 Rc8 22. Kf1 Rac5 23. Nxe6 fxe6 24. c4 dxc4 25. bxc4 Rxc4 26. Rd7 Rc1+ 27.
Rxc1 Rxc1+ 28. Bd1 Ra1 29. Rxe7 Rxd1+ 30. Kf2 Rd2+ 31. Kg3 Rxa2 32. Rxb7 Rb2
33. Ra7 a2 34. h4 Kf8 35. Kh3 Ke8 36. g4 Kd8 37. Kg3 Kc8 38. Kf4 Kb8 39. Ra3
Re2 40. Kg5 Kb7 41. h5 Kb6 42. f4 Kb5 43. h6 gxh6+ 44. Kxh6 Rh2+ 45. Kg7 Kb4
46. Ra8 Kb3 47. Rb8+ Kc2 48. Ra8 Kb1 49. Rb8+ Rb2 50. Ra8 a1=Q 51. Rxa1+ Kxa1
52. Kxh7 Rb4 0-1

[Event "Tromso ol (Women) 41st"]
[Site "Tromso"]
[Date "2014.08.08"]
[Round "6.2"]
[White "Rodriguez Arrieta, Maria Elena"]
[Black "Jorquera Cabello, Valentina Paz"]
[Result "0-1"]
[WhiteElo "1920"]
[BlackElo "1999"]
[PlyCount "74"]
[EventDate "2014.08.02"]
[EventType "team-swiss"]
[EventRounds "11"]
[EventCountry "NOR"]
[SourceTitle "OM OTB B 201907"]
[Source "Opening Master"]
[SourceDate "2019.07.06"]
[SourceVersion "2"]
[SourceVersionDate "2019.07.06"]
[SourceQuality "1"]

1. e4 c5 2. Nf3 d6 3. d4 cxd4 4. Nxd4 Nf6 5. Nc3 Nc6 6. Be2 e5 7. Nb3 Be7 8.
O-O O-O 9. Kh1 h6 10. f4 a5 11. a4 Nb4 12. Bf3 Be6 13. Qe2 Rc8 14. Rd1 Bc4 15.
Qf2 Qc7 16. Be3 Nd7 17. Rd2 Kh8 18. f5 Nxc2 19. Rxc2 Bxb3 20. Rd2 Nc5 21. g4
Bf6 22. h4 Qe7 23. g5 hxg5 24. hxg5 Bxg5 25. Qh2+ Kg8 26. Bxg5 Qxg5 27. Rg1 Qf4
28. Qxf4 exf4 29. Rdg2 f6 30. Rxg7+ Kh8 31. R7g4 Rc7 32. Bd1 Rh7+ 33. Kg2 Bc4
34. Bc2 Nd7 35. Rh1 f3+ 36. Kg1 f2+ 37. Kg2 Rxh1 0-1

[Event "GER-chA Seniors 26th"]
[Site "Bad Neuenahr"]
[Date "2014.08.07"]
[Round "3"]
[White "Ljubarskij, Jurij"]
[Black "Leiber, Bernhard"]
[Result "1/2-1/2"]
[WhiteElo "2285"]
[BlackElo "2198"]
[PlyCount "133"]
[EventDate "2014.08.05"]
[EventType "swiss"]
[EventRounds "9"]
[EventCountry "GER"]
[SourceTitle "OM OTB B 201907"]
[Source "Opening Master"]
[SourceDate "2019.07.06"]
[SourceVersion "2"]
[SourceVersionDate "2019.07.06"]
[SourceQuality "1"]

1. e4 c5 2. Nf3 Nc6 3. d4 cxd4 4. Nxd4 Nf6 5. Nc3 d6 6. Be2 e5 7. Nf3 Be7 8.
O-O O-O 9. h3 Be6 10. Bg5 h6 11. Bxf6 Bxf6 12. Nd5 Bg5 13. Nxg5 Qxg5 14. Bg4
Rad8 15. Kh1 Rd7 16. c3 Qg6 17. Qe2 Ne7 18. Bxe6 fxe6 19. Nxe7+ Rxe7 20. Rad1
Rd8 21. c4 Red7 22. Rd3 Qf6 23. Rfd1 b6 24. b4 Qf7 25. Qd2 Kh8 26. f3 Qe7 27.
a4 a6 28. Qe3 b5 29. axb5 axb5 30. cxb5 Rb7 31. b6 Qd7 32. Rxd6 Qxd6 33. Rxd6
Rxd6 34. Qc5 Rdxb6 35. Qxe5 Kg8 36. f4 Kf7 37. f5 exf5 38. exf5 Kg8 39. Kh2 Kh7
40. Qe8 Rb8 41. Qh5 Rf6 42. Qg4 Rb5 43. Qe4 Rb8 44. g4 Kh8 45. Qf4 Rb5 46. Qe4
Rb8 47. Qf4 Rb5 48. Qd2 Kh7 49. Kg3 Rb8 50. Kh4 Rfb6 51. Qd3 Kh8 52. Kh5 Rb5
53. h4 Rxb4 54. g5 R4b6 55. f6 hxg5 56. hxg5 gxf6 57. g6 Rb2 58. Qd6 R2b7 59.
Qxf6+ Kg8 60. Kh6 Re8 61. Qd6 Rbe7 62. Qd5+ Re6 63. Qb7 R6e7 64. Qb3+ Re6 65.
Kg5 Kg7 66. Qc3+ Re5+ 67. Kf4 1/2-1/2

[Event "Tromso ol (Women) 41st"]
[Site "Tromso"]
[Date "2014.08.04"]
[Round "3.3"]
[White "Koskela, Niina"]
[Black "Gara, Ticia"]
[Result "1/2-1/2"]
[WhiteElo "2213"]
[BlackElo "2321"]
[PlyCount "141"]
[EventDate "2014.08.02"]
[EventType "team-swiss"]
[EventRounds "11"]
[EventCountry "NOR"]
[SourceTitle "OM OTB B 201907"]
[Source "Opening Master"]
[SourceDate "2019.07.06"]
[SourceVersion "2"]
[SourceVersionDate "2019.07.06"]
[SourceQuality "1"]

1. e4 c5 2. Nf3 d6 3. d4 cxd4 4. Nxd4 Nf6 5. Nc3 Nc6 6. Be2 e5 7. Nf3 h6 8. O-O
Be7 9. Re1 O-O 10. h3 Be6 11. Bf1 Nb8 12. b3 a6 13. a4 Nbd7 14. Bb2 Qc7 15. Nd2
Qc6 16. a5 Rad8 17. Nc4 Nc5 18. Qe2 Ncxe4 19. Nxe4 Qxe4 20. Qxe4 Nxe4 21. Nxe5
dxe5 22. Rxe4 f6 23. Bc4 Bxc4 24. Rxc4 Rd7 25. Bc3 Kf7 26. Bb4 Bxb4 27. Rxb4
Rc8 28. c4 Ke6 29. Rc1 Rc5 30. Rb6+ Rc6 31. Rb4 f5 32. Kf1 e4 33. Ke1 Rcd6 34.
c5 Rc6 35. g4 g6 36. gxf5+ gxf5 37. Ke2 Ke5 38. f3 Re6 39. fxe4 fxe4 40. Rb6
Rc6 41. Rc4 Kf4 42. Rbb4 Re7 43. Kf2 h5 44. Rb6 h4 45. b4 Rd7 46. Ke2 Rg7 47.
Kf2 Rcg6 48. Rxg6 Rxg6 49. Rd4 Rg7 50. Rc4 Rd7 51. Ke2 Rd3 52. c6 bxc6 53. Rxc6
Rb3 54. Rxa6 Rxb4 55. Rg6 Rb2+ 56. Kd1 Kf3 57. Rf6+ Kg3 58. a6 Ra2 59. Re6 Kxh3
60. Rxe4 Rxa6 61. Ke1 Rf6 62. Re7 Rf4 63. Rg7 Kh2 64. Ke2 h3 65. Rg8 Kh1 66.
Rg7 h2 67. Rg8 Ra4 68. Kf2 Ra1 69. Rg7 Rg1 70. Rf7 Rg5 71. Rf8 1/2-1/2

[Event "Vlissingen HZ op 18th"]
[Site "Vlissingen"]
[Date "2014.08.03"]
[Round "2"]
[White "De Wilde, Rik"]
[Black "Venkatesh, Marani Rajendran"]
[Result "0-1"]
[WhiteElo "2101"]
[BlackElo "2503"]
[PlyCount "46"]
[EventDate "2014.08.02"]
[EventType "swiss"]
[EventRounds "9"]
[EventCountry "NED"]
[SourceTitle "OM OTB B 201907"]
[Source "Opening Master"]
[SourceDate "2019.07.06"]
[SourceVersion "2"]
[SourceVersionDate "2019.07.06"]
[SourceQuality "1"]

1. e4 c5 2. Nf3 Nc6 3. d4 cxd4 4. Nxd4 Nf6 5. Nc3 d6 6. Be2 e5 7. Nb3 Be7 8.
Be3 a5 9. O-O O-O 10. f3 Be6 11. Na4 d5 12. Nb6 d4 13. Nxa8 dxe3 14. Qxd8 Rxd8
15. Nc7 Bxb3 16. cxb3 Rd2 17. Bb5 Nd4 18. Rfd1 Rxb2 19. Rac1 e2 20. Rxd4 exd4
21. e5 Rc2 22. Re1 Bc5 23. Kh1 Bb4 0-1

[Event "Vlissingen HZ op 18th"]
[Site "Vlissingen"]
[Date "2014.08.03"]
[Round "2"]
[White "Gutkind, Kedem"]
[Black "Zwirs, Nico"]
[Result "0-1"]
[WhiteElo "2004"]
[BlackElo "2284"]
[PlyCount "100"]
[EventDate "2014.08.02"]
[EventType "swiss"]
[EventRounds "9"]
[EventCountry "NED"]
[SourceTitle "OM OTB B 201907"]
[Source "Opening Master"]
[SourceDate "2019.07.06"]
[SourceVersion "2"]
[SourceVersionDate "2019.07.06"]
[SourceQuality "1"]

1. e4 c5 2. Nf3 d6 3. d4 cxd4 4. Nxd4 Nf6 5. Nc3 Nc6 6. Be2 e5 7. Nb3 Be7 8.
O-O O-O 9. Be3 Be6 10. f3 a5 11. Na4 Nd7 12. c4 b6 13. Rc1 Nc5 14. Nc3 f5 15.
exf5 Rxf5 16. Nxc5 bxc5 17. Bd3 Rf7 18. Be4 Rc8 19. Bxc6 Rxc6 20. Nd5 Bf8 21.
Rc3 Rc8 22. Ra3 Rb8 23. Bc1 g6 24. Qd2 Qh4 25. b3 Ra8 26. Qd3 Bf5 27. Qe3 Bg7
28. Bb2 Bh6 29. Qc3 Be6 30. g3 Qh5 31. Qd3 Raf8 32. b4 axb4 33. Rb3 Qf5 34. Qd1
Bd7 35. Nb6 Qe6 36. Rd3 Bc6 37. Rxd6 Be3+ 38. Kg2 Rxf3 39. Rxf3 Bxf3+ 40. Qxf3
Rxf3 41. Rxe6 Rf2+ 42. Kh3 Rxb2 43. Rxe5 Bd4 44. Re8+ Kg7 45. Re7+ Kh6 46. Ra7
Kg5 47. Ra5 Bg1 48. g4 Kf4 49. Nd5+ Kf3 50. Kh4 h6 0-1

[Event "POL-chT U20 2nd League"]
[Site "Szczyrk"]
[Date "2014.08.01"]
[Round "10.107"]
[White "Mielczarek, Joanna"]
[Black "Jarmuzek, Karolina"]
[Result "1-0"]
[WhiteElo "1562"]
[BlackElo "1742"]
[PlyCount "81"]
[EventDate "2014.07.25"]
[EventType "team-swiss"]
[EventRounds "11"]
[EventCountry "POL"]
[SourceTitle "OM OTB B 201907"]
[Source "Opening Master"]
[SourceDate "2019.07.06"]
[SourceVersion "2"]
[SourceVersionDate "2019.07.06"]
[SourceQuality "1"]

1. e4 c5 2. Nf3 Nc6 3. d4 cxd4 4. Nxd4 Nf6 5. Nc3 d6 6. Be2 e5 7. Nb3 Be7 8.
O-O O-O 9. Be3 a5 10. Nd2 d5 11. exd5 Nxd5 12. Nxd5 Qxd5 13. Nc4 Qxd1 14. Rfxd1
Be6 15. c3 f5 16. Bb6 Kh8 17. Nd6 e4 18. Bc4 Bxc4 19. Nxc4 Bd8 20. Rd7 Bxb6 21.
Nxb6 Rab8 22. Rad1 Rfd8 23. Rxd8+ Rxd8 24. Rxd8+ Nxd8 25. Nc4 Nc6 26. Nd6 b6
27. Nxf5 Ne5 28. Nd6 Nd3 29. b3 Nc1 30. Nxe4 Nxa2 31. Kf1 Nc1 32. Nd2 Kg8 33.
Ke1 Nd3+ 34. Ke2 Nc5 35. Ke3 Kf7 36. Kd4 Ke6 37. Kc4 Kd6 38. Kb5 Kc7 39. b4
axb4 40. cxb4 Kb7 41. bxc5 1-0

[Event "POL-chT U20 2nd League"]
[Site "Szczyrk"]
[Date "2014.07.30"]
[Round "8.2"]
[White "Adamczyk, Pawel"]
[Black "Maj, Kornel"]
[Result "1-0"]
[WhiteElo "1746"]
[BlackElo "1907"]
[PlyCount "99"]
[EventDate "2014.07.25"]
[EventType "team-swiss"]
[EventRounds "11"]
[EventCountry "POL"]
[SourceTitle "OM OTB B 201907"]
[Source "Opening Master"]
[SourceDate "2019.07.06"]
[SourceVersion "2"]
[SourceVersionDate "2019.07.06"]
[SourceQuality "1"]

1. e4 c5 2. Nf3 Nc6 3. d4 cxd4 4. Nxd4 Nf6 5. Nc3 d6 6. Be2 e5 7. Nb3 Be7 8.
Bg5 Nxe4 9. Bxe7 Nxc3 10. Bxd8 Nxd1 11. Rxd1 Kxd8 12. Rxd6+ Kc7 13. Rd2 Bf5 14.
O-O Rad8 15. Rfd1 b6 16. c3 Rxd2 17. Rxd2 f6 18. f3 g5 19. Kf2 h5 20. Na1 Be6
21. b3 Ne7 22. Nc2 Rd8 23. Rxd8 Kxd8 24. Ne3 Kc7 25. g3 Nd5 26. Nxd5+ Bxd5 27.
Ke3 Kd6 28. h4 Ke6 29. c4 Bc6 30. Bd3 gxh4 31. gxh4 f5 32. f4 a5 33. a3 Be8 34.
b4 axb4 35. axb4 Bc6 36. Be2 Be8 37. Bd1 Kd6 38. Bc2 Ke6 39. Bd3 Bd7 40. Be2
Be8 41. Bd3 Bd7 42. Bc2 Be8 43. Bb3 Kd6 44. c5+ bxc5 45. bxc5+ Kxc5 46. fxe5
Bg6 47. Kf4 Kd4 48. e6 Kc5 49. Kg5 Bh7 50. e7 1-0

[Event "Hamburg St Pauli op-A"]
[Site "Hamburg"]
[Date "2014.07.22"]
[Round "4"]
[White "Wallgren, Ulf"]
[Black "Gutman, Lev"]
[Result "1/2-1/2"]
[WhiteElo "2094"]
[BlackElo "2450"]
[PlyCount "97"]
[EventDate "2014.07.19"]
[EventType "swiss"]
[EventRounds "9"]
[EventCountry "GER"]
[SourceTitle "OM OTB B 201907"]
[Source "Opening Master"]
[SourceDate "2019.07.06"]
[SourceVersion "2"]
[SourceVersionDate "2019.07.06"]
[SourceQuality "1"]

1. e4 c5 2. Nf3 Nc6 3. d4 cxd4 4. Nxd4 Nf6 5. Nc3 d6 6. Be2 e5 7. Nf3 Be7 8.
O-O O-O 9. Re1 Be6 10. Bf1 Rc8 11. h3 Na5 12. Be3 a6 13. Nd2 Qc7 14. Rc1 b5 15.
a3 h6 16. f4 exf4 17. Bxf4 Nd7 18. Nf3 Ne5 19. Nd5 Bxd5 20. Qxd5 Bf6 21. c3
Nac6 22. Rcd1 Rcd8 23. Bxe5 Bxe5 24. Rd3 Ne7 25. Qb3 Ng6 26. Rdd1 Qc5+ 27. Kh1
Bg3 28. Re2 Nf4 29. Red2 Qe3 30. Nh2 Qxe4 31. Qb4 Rfe8 32. Qxe4 Rxe4 33. Bd3
Re6 34. Nf1 Be1 35. Rc2 Nxd3 36. Rxd3 Bh4 37. g3 Bg5 38. h4 Bf6 39. Ne3 Be5 40.
Kg2 h5 41. c4 Rb8 42. cxb5 Rxb5 43. b3 Rc5 44. Rcd2 Rc3 45. Nc4 Rxd3 46. Rxd3
Rg6 47. Nxe5 dxe5 48. Rd8+ Kh7 49. Re8 1/2-1/2

[Event "Dortmund Sparkassen op-A"]
[Site "Dortmund"]
[Date "2014.07.19"]
[Round "8"]
[White "Arndt, Olaf"]
[Black "Michalczak, Thomas"]
[Result "1-0"]
[WhiteElo "1977"]
[BlackElo "2283"]
[PlyCount "107"]
[EventDate "2014.07.12"]
[EventType "swiss"]
[EventRounds "9"]
[EventCountry "GER"]
[SourceTitle "OM OTB B 201907"]
[Source "Opening Master"]
[SourceDate "2019.07.06"]
[SourceVersion "2"]
[SourceVersionDate "2019.07.06"]
[SourceQuality "1"]

1. e4 c5 2. Nf3 d6 3. d4 cxd4 4. Nxd4 Nf6 5. Nc3 Nc6 6. Be2 e5 7. Nb3 Be7 8.
Be3 O-O 9. O-O a5 10. a3 Be6 11. Nd2 Rb8 12. Kh1 Re8 13. f4 d5 14. exd5 Nxd5
15. Nxd5 Bxd5 16. c4 Be6 17. f5 Bc8 18. Ne4 Nd4 19. f6 gxf6 20. Bh6 f5 21. Bh5
fxe4 22. Bxf7+ Kh8 23. Qh5 Bf5 24. Rad1 Bg6 25. Qxe5+ Bf6 26. Qxe8+ Qxe8 27.
Bxe8 Rxe8 28. Rxf6 e3 29. Rdf1 Nf5 30. Bg5 e2 31. Re1 Kg8 32. Kg1 Nd4 33. Kf2
Bh5 34. g4 Bxg4 35. Rf4 Rf8 36. Bf6 h5 37. Bg5 Nf5 38. Rxe2 Bxe2 39. Kxe2 Re8+
40. Kd2 Nd6 41. Kd3 b5 42. cxb5 Re5 43. h4 Rxb5 44. b4 a4 45. Rd4 Rb6 46. Rd5
Rc6 47. Be7 Nc4 48. b5 Nb2+ 49. Ke4 Rc4+ 50. Rd4 Rc3 51. Kd5 Kf7 52. Bb4 Rc8
53. b6 Rd8+ 54. Bd6 1-0

[Event "Warsaw Najdorf Memorial op-B"]
[Site "Warsaw"]
[Date "2014.07.19"]
[Round "6"]
[White "Karpus, Michal"]
[Black "Malec, Sebastian"]
[Result "1-0"]
[WhiteElo "1881"]
[BlackElo "2165"]
[PlyCount "97"]
[EventDate "2014.07.14"]
[EventType "swiss"]
[EventRounds "9"]
[EventCountry "POL"]
[SourceTitle "OM OTB B 201907"]
[Source "Opening Master"]
[SourceDate "2019.07.06"]
[SourceVersion "2"]
[SourceVersionDate "2019.07.06"]
[SourceQuality "1"]

1. e4 c5 2. Nf3 Nc6 3. d4 cxd4 4. Nxd4 Nf6 5. Nc3 d6 6. Be2 e5 7. Nf3 h6 8. O-O
Be6 9. h3 Be7 10. Re1 a6 11. a4 Rc8 12. Qd2 O-O 13. b3 Nb4 14. Bb2 a5 15. Rac1
Rxc3 16. Qxc3 Nxe4 17. Qe3 f5 18. Red1 Nd5 19. Rxd5 Bxd5 20. Rd1 f4 21. Qa7 Be6
22. Nxe5 Bf6 23. Qxb7 Qa8 24. Qxa8 Rxa8 25. Bf3 Bf5 26. Re1 Rc8 27. Bxe4 Bxe4
28. Rxe4 Rxc2 29. Bd4 Bxe5 30. Bxe5 dxe5 31. Rxe5 Rb2 32. Rb5 Rb1+ 33. Kh2 Rb2
34. f3 Kh7 35. h4 g6 36. h5 g5 37. Kh3 Kg7 38. Rb7+ Kf6 39. Rh7 Rxb3 40. Rxh6+
Kf5 41. Ra6 g4+ 42. Kh2 gxf3 43. gxf3 Rxf3 44. h6 Rf2+ 45. Kg1 Rb2 46. h7 Rb8
47. Rxa5+ Ke4 48. Rh5 Rh8 49. a5 1-0